| 000 | 00723nam a2200241 4500 | ||
|---|---|---|---|
| 999 |
_c8527 _d8527 |
||
| 001 | 22440 | ||
| 003 | BD-DhUAP | ||
| 005 | 20240828122005.0 | ||
| 008 | 240828b2024 nyu||||| |||| 001 0beng d | ||
| 020 | _a9781266248610 | ||
| 040 |
_aBD-DhUAP _bEng _cBD-DhUAP _dBD-DhUAP _eBD-DhUAP |
||
| 082 |
_223 _a658.1511 GAR |
||
| 100 | _aGarrison, Ray H. | ||
| 245 |
_aManagerial accounting / _cRay H. Garrison, Eric W. Noreen and Peter C. Brewer. |
||
| 250 | _a18th | ||
| 260 |
_aNew York : _bMcGraw-Hill Education, _cc2024. |
||
| 300 |
_axxxiv, 794 pages : _billustrations ; _c28 cm |
||
| 504 | _aIncludes index. | ||
| 650 | _aManagerial accounting. | ||
| 700 | _aNoreen, Eric W. | ||
| 700 | _aBrewer, Peter C. | ||
| 942 |
_2ddc _cBK |
||